مكتبة جامعة عجلون الوطنية

فهرس بحث المكتبة

مأدبا(1923-1927) الملامح الاجتماعية والاقتصادية من خلال سجل مقررات مجلس البلدية (Record no. 25271)

MARC details
000 -LEADER
fixed length control field 00900nam a2200205Ii 4500
003 - CONTROL NUMBER IDENTIFIER
control field JO-AjNU
008 - FIXED-LENGTH DATA ELEMENTS--GENERAL INFORMATION
fixed length control field 230605s9999||||xx |||||||||||||| ||und||
017 ## - COPYRIGHT OR LEGAL DEPOSIT NUMBER
Copyright or legal deposit number 2012/7/2753
040 ## - CATALOGING SOURCE
Original cataloging agency JO-AjNU
Language of cataloging ara
Description conventions rda
Transcribing agency JO-AjNU
041 ## - LANGUAGE CODE
Language code of text/sound track or separate title ara
050 14 - LIBRARY OF CONGRESS CALL NUMBER
Classification number HC415.26.2012
100 3# - MAIN ENTRY--PERSONAL NAME
Personal name دراسة وتجقيق هند غسان ابو الشعر، دراسة وتجقيق عبدالله مطلق العساف,
Relator term author
9 (RLIN) 49416
245 00 - TITLE STATEMENT
Title مأدبا(1923-1927) الملامح الاجتماعية والاقتصادية من خلال سجل مقررات مجلس البلدية
264 31 - PRODUCTION, PUBLICATION, DISTRIBUTION, MANUFACTURE, AND COPYRIGHT NOTICE
Place of production, publication, distribution, manufacture عمان:وزارة الثقافة،2012
300 ## - PHYSICAL DESCRIPTION
Extent 742ص
Other physical details يضم الكتاب الاختام والتوقيعات ص709-ص742
336 ## - CONTENT TYPE
Content type term text
Content type code txt
Source rdacontent
337 ## - MEDIA TYPE
Media type term unmediated
Media type code n
Source rdamedia
338 ## - CARRIER TYPE
Carrier type term volume
Carrier type code nc
Source rdacarrier
650 #4 - SUBJECT ADDED ENTRY--TOPICAL TERM
Topical term or geographic name entry element مادبا-قررات مجلس البلدية
9 (RLIN) 49417
Holdings
Withdrawn status Lost status Source of classification or shelving scheme Damaged status Not for loan Home library Current library Shelving location Date acquired Total Checkouts Full call number Barcode Date last seen Price effective from Koha item type
    Library of Congress Classification     مكتبة جامعة عجلون الوطنية مكتبة جامعة عجلون الوطنية المجموعات العامة 06/06/2023   HC415.26.2012 A21703 06/06/2023 06/06/2023 Books